| Tag |
First Indicator |
Second Indicator |
Subfields |
| LEADER |
00000cam a2200000 a 4500 |
| 001 |
in00001246310 |
| 005 |
20151003073820.0 |
| 007 |
he bmb024b|c| |
| 008 |
950503s1994 xx a bb 000 0 eng d |
| 035 |
|
|
|a (OCoLC)32415075
|
| 035 |
|
|
|9 AGT9361AM
|
| 037 |
|
|
|a PE 3511
|b Microform Publications
|c $8.00
|
| 040 |
|
|
|a ORU
|c XBM
|d XBM
|d HPE
|d TXA
|d UtOrBLW
|
| 049 |
|
|
|a TXAI
|
| 090 |
|
|
|a GV1015.5.P37
|
| 092 |
|
|
|a 796.325
|
| 099 |
|
|
|a fiche
|a C
|a 17331
|
| 100 |
1 |
|
|a Higgins, Kathleen L.
|
| 245 |
1 |
0 |
|a Validity and objectivity of a rating scale for the overhead and forearm volleyball pass /
|c by Kathleen L. Higgins.
|
| 264 |
|
1 |
|a [Place of publication not identified] :
|b [publisher not identified] ;
|c 1994.
|
| 300 |
|
|
|a vi, 101 leaves :
|b illustrations
|
| 336 |
|
|
|a text
|b txt
|2 rdacontent
|
| 337 |
|
|
|a microform
|b h
|2 rdamedia
|
| 338 |
|
|
|a microfiche
|b he
|2 rdacarrier
|
| 502 |
|
|
|b M.S.
|c Northern Illinois University
|d 1994.
|
| 504 |
|
|
|a Includes bibliographical references (leaves [59]-60).
|
| 533 |
|
|
|a Microfiche.
|b Eugene :
|c Microform Publications, University of Oregon,
|d 1995.
|e 2 microfiches : negative ; 11 x 15 cm.
|n "UO 95 64--UO 95 65."
|
| 500 |
|
|
|a Microform.
|
| 650 |
|
0 |
|a Volleyball
|x Ability testing.
|
| 650 |
|
0 |
|a Volleyball
|x Pass.
|
| 999 |
|
|
|a MARS
|
| 999 |
f |
f |
|s 9557ad12-38fa-35a3-b026-4372c8c206ff
|i 56a90619-caf9-3029-abe7-c4886fdca4d6
|t 0
|
| 952 |
f |
f |
|p default
|a Texas A&M University
|b College Station
|c Sterling C. Evans Library
|d Evans: Microforms (3rd floor)
|t 0
|e fiche C 17331
|h Other scheme
|i microform -- microfiche
|
| 998 |
f |
f |
|a fiche C 17331
|t 0
|l Evans: Microforms (3rd floor)
|